|
|
|
|
| LEADER |
00000nam0a2200000 4500 |
| 001 |
309174 |
| 005 |
20231102002150.0 |
| 035 |
|
|
|a (RuTPU)RU\TPU\book\334496
|
| 090 |
|
|
|a 309174
|
| 100 |
|
|
|a 20151111d1981 km y0rusy50 ca
|
| 101 |
0 |
|
|a rus
|
| 102 |
|
|
|a RU
|
| 105 |
|
|
|a a z 001zy
|
| 200 |
1 |
|
|a Стохастическое моделирование в планировании
|f Ю. И. Максимов
|g Академия наук СССР (АН СССР), Сибирское отделение (СО), Институт экономики и организации промышленного производства (ИЭОПП) ; под ред. Б. Б. Розина
|
| 210 |
|
|
|a Новосибирск
|c Наука
|d 1981
|
| 215 |
|
|
|a 285 с.
|c ил.
|
| 320 |
|
|
|a Библиогр. в конце гл.
|
| 606 |
1 |
|
|a Планирование
|x Методология
|2 stltpush
|3 (RuTPU)RU\TPU\subj\36613
|9 57932
|
| 610 |
1 |
|
|a стохастическое моделирование
|
| 610 |
1 |
|
|a вероятностные свойства
|
| 610 |
1 |
|
|a сетевые модели
|
| 610 |
1 |
|
|a маневренность
|
| 610 |
1 |
|
|a ретроспективный анализ
|
| 610 |
1 |
|
|a газовая промышленность
|
| 610 |
1 |
|
|a прогнозирование
|
| 686 |
|
|
|a У9(2)230
|v LBC/SL-A
|2 rubbk
|
| 700 |
|
1 |
|a Максимов
|b Ю. И.
|
| 702 |
|
1 |
|a Розин
|b Б. Б.
|4 340
|
| 712 |
0 |
2 |
|a Академия наук СССР (АН СССР)
|b Сибирское отделение (СО)
|b Институт экономики и организации промышленного производства (ИЭОПП)
|c (Новосибирск)
|2 stltpush
|3 (RuTPU)RU\TPU\col\12174
|
| 801 |
|
1 |
|a RU
|b 63413507
|c 20151111
|
| 801 |
|
2 |
|a RU
|b 63413507
|c 20190722
|g RCR
|
| 942 |
|
|
|c BK
|